000 00611nam a2200193Ia 4500
005 20250507130148.0
008 008 250505s9999 xx 000 0 eng d
037 _aDIS
040 _aEASL
_beng
_cEASL
041 _aeng
_2eng
084 _a0000148
_qEASL
100 _aSheikh Tariq
245 0 _aLiterary peripheries of Tokugawa Japan: Reading Suzuki Bokushi's hokuetsu seppu Prof. Brij Mohan Tankha
260 _aIndia
_bUnivesity of Delhi. Social Sciences. East Asian Studies (Delhi India)
_c2011
300 _a83p.
650 _aJEL
942 _cDIS
_h0000148
999 _c1318035
_d1318035